000 01317nam a2200313 a 4500
001 000039189
003 DO-SdBNP
005 20230717100858.0
008 130607s2013 dr c 000 0 spa d
020 _a9789945454420
040 _aDO-SdBNP
_bspa
_cBPMSU
082 4 _a923.287
_bB689C 2013
_222
100 1 _aCastro Ventura, Santiago
100 z _aVentura, Santiago Castro
245 1 0 _aBolívar :
_ben el ámbito de las Antillas /
_cSantiago Castro Ventura ; prólogo Ángel R. Veras Aybar.
260 _aSanto Domingo :
_bEditora Manatí,
_c2013.
300 _a269 p. :
_bretrs. ;
_c24 cm.
500 _aIncluye índice onomástico
500 _aIncluye datos biográficos del autor en la contracubierta
500 _aIncluye datos biográficos del autor en la contraportada
504 _aBibliografía : 253-262
505 0 _a Al ruedo de la historia --Jamaica y la sentencia anti-colonial --De Petión a Bolívar --Emerge desde las cenizas --La colonia de Santo Domingo --La colonia de Cuba --El sino antillano de Bolívar --Cronología de Bolívar en las Antillas
590 _6Inventariado, 2023/VM
600 1 4 _aBolívar, Simón
_d1783-1830
651 4 _aCaribe (Región)
_xHistoria
700 1 _aVeras Aybar, Ángel R.,
_epról.
910 _aVMateo V. Control de calidad (BPMSU)
942 _2ddc
_cBK
999 _c14424
_d14424